000 00218nam a22000857a 4500
008 161116b xxu||||| |||| 00| 0 eng d
100 _91240
_aBPI INDIA
245 _aForce of destruction
260 _aNew Delhi
_bBPI India
_c2011
999 _c3945
_d3945